[Event "TCh-LTU 2017"]
[Site "masterchessopen.com Lithuania LTU"]
[Date "2017.03.19"]
[Round "7.3"]
[White "Klabis,R"]
[Black "Mikenas,Laimutis"]
[Result "1-0"]
[WhiteElo "2252"]
[BlackElo "2018"]
[EventType "team"]

1.e4 c6 2.d4 d5 3.Nc3 dxe4 4.Nxe4 Nd7 5.Nf3 Ngf6 6.Nxf6+ Nxf6 7.c3 Bf5 8.Bf4
e6 9.Qb3 Qb6 10.Be2 Be7 11.O-O Qxb3 12.axb3 O-O 13.Nd2 Nd5 14.Bg3 Nb6 15.b4
Rfd8 16.Nb3 Bc2 17.Na5 Rd7 18.b5 Rc8 19.bxc6 bxc6 20.Ba6 Ra8 21.Nxc6 Be4
22.Ne5 Rdd8 23.Rfe1 Bf5 24.Bb7 Rab8 25.Bf3 Re8 26.Rxa7 Nc8 27.Ra2 Bd6 28.b4
Ne7 29.Nd7 Bxg3 30.hxg3 Rbc8 31.Nc5 Rb8 32.Rb2 Red8 33.Ra1 Nc8 34.b5 Nb6
35.Ra6 Nc4 36.Rb4 Nb6 37.Nb7 Nd5 38.Nxd8 Nxb4 39.cxb4 Rxd8 40.b6 Bd3 41.Ra8
Rxa8 42.Bxa8 Kf8 43.b7 {#r} 1-0

[Event "55th TCh-DEN Ex 2016-17"]
[Site "masterchessopen.com Denmark DEN"]
[Date "2017.03.19"]
[Round "9.1"]
[White "Baekgaard,M"]
[Black "Aabling Thomsen,J"]
[Result "0-1"]
[WhiteElo "2313"]
[BlackElo "2380"]

1.d4 f5 2.c4 Nf6 3.Nc3 g6 4.h4 Bg7 5.h5 Nxh5 6.e4 Nf6 7.exf5 gxf5 8.Bd3 e6
9.Qf3 Nc6 10.Nge2 d6 11.Bg5 Bd7 12.O-O-O Qe7 13.Nb5 O-O-O 14.d5 exd5 15.Bxf5
dxc4 16.Ned4 Nxd4 17.Nxd4 Qf7 18.Rhe1 Kb8 19.Re2 Bxf5 20.Qxf5 Rd7 21.Rde1 Rc8
22.Ne6 Bh8 23.Qb5 Ng4 24.Qxc4 Ne5 25.Qb3 c5 26.Qh3 c4 27.Rd1 Nd3+ 28.Kb1 Nxf2
{#R} 0-1

[Event "55th TCh-DEN Ex 2016-17"]
[Site "masterchessopen.com Denmark DEN"]
[Date "2017.03.19"]
[Round "9.1"]
[White "Christensen,Jan1"]
[Black "Petersen,Stee1"]
[Result "1-0"]
[WhiteElo "2179"]
[BlackElo "2165"]

1.d4 d5 2.c4 c6 3.Nf3 Nf6 4.Nc3 e6 5.g3 dxc4 6.Bg2 b5 7.Ne5 Qb6 8.O-O Bb7 9.e4
Nbd7 10.a4 Nxe5 11.dxe5 Nd7 12.Be3 Bc5 13.a5 Qc7 14.a6 Bc8 15.Bf4 Be7 16.Qh5
g6 17.Qe2 Nc5 18.Nd5 exd5 19.exd5 Nd3 20.d6 Nxf4 21.gxf4 Qb6 22.dxe7 Be6
23.Rfd1 Kxe7 24.Rd6 Rac8 25.Qd2 Rhd8 26.f5 Bxf5 27.Re1 Be6 28.Qg5+ Ke8 29.Qf6
Rxd6 30.exd6 Qd8 31.Qd4 c5 32.Qe5 Kd7 33.Bb7 Qh8 34.Qe4 Kxd6 35.Rd1+ Ke7
36.Bxc8 Qxc8 37.Qb7+ Kf8 38.Qxc8+ Bxc8 39.Rd8+ Ke7 40.Rxc8 Kd6 41.Kf1 {#r} 1-0

[Event "55th TCh-DEN Ex 2016-17"]
[Site "masterchessopen.com Denmark DEN"]
[Date "2017.03.19"]
[Round "9.2"]
[White "Rasmussen,A"]
[Black "Borge,N"]
[Result "1-0"]
[WhiteElo "2513"]
[BlackElo "2386"]

1.d4 c5 2.d5 e5 3.e4 d6 4.Nc3 Be7 5.Nf3 Nd7 6.Nd2 Ngf6 7.a4 O-O 8.Nc4 Ne8 9.h4
Rb8 10.Bd3 b6 11.g3 a6 12.b3 Nc7 13.Kf1 Nf6 14.Ne3 b5 15.g4 Nfe8 16.Qf3 Bxh4
17.Qh3 g5 18.Ng2 h5 19.Nxh4 hxg4 20.Qg3 gxh4 21.Rxh4 Ng7 22.Qh2 f6 23.axb5
axb5 24.Rh8+ Kf7 25.Rh7 Rg8 26.Qh5+ Ke7 27.Ra7 Bd7 28.Bh6 Kf8 29.Bxg7+ {#r}
1-0

[Event "55th TCh-DEN Ex 2016-17"]
[Site "masterchessopen.com Denmark DEN"]
[Date "2017.03.19"]
[Round "9.2"]
[White "Rodgaard,J"]
[Black "Thybo,Jesper Sondergaard"]
[Result "0-1"]
[WhiteElo "2320"]
[BlackElo "2358"]

1.c4 c5 2.Nf3 Nc6 3.d4 cxd4 4.Nxd4 Nf6 5.Nc3 e6 6.Ndb5 d5 7.Bf4 e5 8.cxd5 exf4
9.dxc6 bxc6 10.Qxd8+ Kxd8 11.Rd1+ Bd7 12.Nd6 Kc7 13.Nxf7 Rg8 14.Ne5 Rb8
15.Nxd7 Nxd7 16.g3 Rxb2 17.Bh3 Nf6 18.O-O Bb4 19.Rc1 Rd8 20.gxf4 Rdd2 21.a3
Bxa3 22.Nb1 Ra2 23.Nxd2 Bxc1 24.Rxc1 Rxd2 25.Ra1 Kb6 26.Rb1+ Kc7 27.Ra1 Kb6
28.Rb1+ Kc5 29.Ra1 Rxe2 30.Rxa7 Re1+ 31.Kg2 Nd5 32.Rf7 Re7 33.Rf8 Kd4 34.Kf3
c5 35.Bf5 g6 36.Bc2 c4 37.f5 gxf5 38.Bxf5 c3 39.Rc8 Rf7 40.Kg4 Rxf5 41.Rxc3
Rf4+ {#R} 0-1

[Event "55th TCh-DEN Ex 2016-17"]
[Site "masterchessopen.com Denmark DEN"]
[Date "2017.03.19"]
[Round "9.2"]
[White "Jensen,Bjark"]
[Black "Stojanovski,Sa"]
[Result "1-0"]
[WhiteElo "2320"]
[BlackElo "2292"]

1.e4 c5 2.Nf3 Nc6 3.d4 cxd4 4.Nxd4 Nf6 5.Nc3 e5 6.Ndb5 d6 7.Bg5 a6 8.Na3 b5
9.Nd5 Be7 10.Bxf6 Bxf6 11.c3 Ne7 12.Nxf6+ gxf6 13.Nc2 Be6 14.Qf3 f5 15.exf5
Nxf5 16.Bd3 Nh4 17.Qc6+ Kf8 18.g3 Rc8 19.Qxa6 Bd5 20.O-O-O Bxh1 21.Rxh1 Nf3
22.Be4 Ng5 23.Bg2 Kg7 24.Rd1 Ne6 25.Qxb5 Rb8 26.Qe2 Qg5+ 27.Ne3 Rb6 28.h4 Qg6
29.Nc4 Rb5 30.Nxd6 Rc5 31.Be4 Qf6 32.Nf5+ Kf8 33.Qa6 {#r} 1-0

[Event "55th TCh-DEN Ex 2016-17"]
[Site "masterchessopen.com Denmark DEN"]
[Date "2017.03.19"]
[Round "9.2"]
[White "Jaksland,T"]
[Black "Thogersen,Rasmus"]
[Result "1-0"]
[WhiteElo "2230"]
[BlackElo "2122"]

1.Nf3 c5 2.e4 d6 3.d3 Nc6 4.g3 g6 5.Bg2 Bg7 6.O-O e5 7.c3 Nge7 8.Be3 O-O 9.Na3
b6 10.Qd2 d5 11.exd5 Nxd5 12.Bh6 Bxh6 13.Qxh6 f6 14.Rfe1 Bb7 15.d4 exd4
16.cxd4 cxd4 17.Rad1 Nde7 18.Nxd4 Nxd4 19.Bxb7 Nef5 20.Qc1 Rf7 21.Qc4 Nd6
22.Qxd4 Nxb7 23.Nb5 Qxd4 24.Rxd4 a6 25.Nc3 Kf8 26.Re6 b5 27.Ne4 Kg7 28.Rb6 Ra7
29.Nd6 Nxd6 30.Rdxd6 Rac7 31.Rxa6 Rc2 32.b3 f5 33.Rd4 Re7 34.a4 bxa4 35.bxa4
Ree2 36.Rf4 h5 37.h4 Ra2 38.Kg2 Kh6 39.Rxf5 Rxa4 40.Rxh5+ Kxh5 41.Rxa4 Rb2
42.Ra7 Kh6 43.g4 Rb6 44.Kg3 g5 45.hxg5+ Kxg5 46.f4+ Kg6 47.g5 Rb1 48.Ra6+ Kf5
49.Rf6+ Ke4 50.Kg4 {#r} 1-0

[Event "55th TCh-DEN Ex 2016-17"]
[Site "masterchessopen.com Denmark DEN"]
[Date "2017.03.19"]
[Round "9.2"]
[White "Wilbrandt,Simon Pil"]
[Black "Ostergaard,J"]
[Result "0-1"]
[WhiteElo "2171"]
[BlackElo "2239"]

1.d4 Nf6 2.c4 e6 3.Nc3 c5 4.d5 exd5 5.cxd5 d6 6.e4 g6 7.f3 Bg7 8.Bg5 O-O 9.Qd2
a6 10.a4 Qa5 11.Nge2 h5 12.Nc1 Re8 13.Be2 Nbd7 14.O-O Nh7 15.Bh6 Bh8 16.h3 Rb8
17.Be3 Ndf6 18.Ra3 Qd8 19.Bd3 h4 20.N1e2 Bd7 21.a5 Nh5 22.Rb1 Qc8 23.Qe1 g5
24.Qf2 b5 25.axb6 Rxb6 26.f4 gxf4 27.Nxf4 Ng3 28.Nfe2 Nxe2+ 29.Qxe2 f5 30.Kh1
Nf6 31.exf5 Bxf5 32.Bxf5 Qxf5 33.Qf2 Qxf2 34.Bxf2 Ne4 35.Nxe4 Rxe4 36.b3 Bf6
37.Re1 Rxe1+ 38.Bxe1 Kf7 39.Ra4 Rxb3 40.Bxh4 Rb4 41.Rxa6 Bxh4 42.g4 Bg3 43.Kg2
Be5 44.Ra7+ Kg6 45.Re7 Rb2+ 46.Kf3 Rb3+ 47.Kg2 Rg3+ 48.Kh2 Rd3+ 49.Kg2 Rxd5
50.h4 Rd4 51.h5+ Kg5 52.Re8 Rxg4+ 53.Kh3 Rh4+ {#R} 0-1

[Event "55th TCh-DEN Ex 2016-17"]
[Site "masterchessopen.com Denmark DEN"]
[Date "2017.03.19"]
[Round "9.2"]
[White "Rathlev,J"]
[Black "Pedersen,M"]
[Result "1-0"]
[WhiteElo "2231"]
[BlackElo "2121"]

1.Nf3 c5 2.c4 Nc6 3.g3 g6 4.Bg2 Bg7 5.Nc3 d6 6.O-O Bf5 7.h3 Qd7 8.Kh2 e5 9.Ne1
Be6 10.d3 f5 11.Nc2 Nf6 12.Ne3 g5 13.Ned5 f4 14.e3 O-O-O 15.Qa4 Kb8 16.Bd2 h5
17.b4 Bxh3 18.Bxh3 g4 19.b5 Nb4 20.b6 Qxa4 21.Nxa4 Nfxd5 22.cxd5 gxh3 23.Bxb4
cxb4 24.e4 h4 25.g4 f3 26.Rfc1 Rc8 27.Rab1 Bh6 28.Rc4 a5 29.Rb3 Bf4+ 30.Kxh3
Rxc4 31.dxc4 Rc8 32.Nb2 Bc1 33.Nd3 Bg5 34.Nb2 Bc1 35.Kxh4 Bf4 36.g5 Rh8+
37.Kg4 Rg8 38.Kxf3 Bxg5 39.a3 Bd8 40.Na4 bxa3 41.Rxa3 Rg1 42.Ke2 Rb1 43.f3
Bxb6 44.Nxb6 Rxb6 45.Rxa5 Rb4 46.c5 b6 47.cxb6 Kb7 48.Ra2 Rxb6 49.Rc2 Ra6
50.Kf2 Rb6 51.Kg3 Ra6 52.Kg4 Rb6 53.Rc3 Ra6 54.Kf5 Rb6 55.Ke6 Ra6 56.Kd7 {#r}
1-0

[Event "55th TCh-DEN Ex 2016-17"]
[Site "masterchessopen.com Denmark DEN"]
[Date "2017.03.19"]
[Round "9.3"]
[White "Semcesen,D"]
[Black "Andreasen,Jo"]
[Result "1-0"]
[WhiteElo "2457"]
[BlackElo "2215"]

1.d4 Nf6 2.c4 g6 3.Nc3 d5 4.Bg5 Bg7 5.e3 c6 6.Nf3 O-O 7.Qb3 dxc4 8.Bxc4 Nbd7
9.O-O Nb6 10.Be2 Be6 11.Qc2 Nfd5 12.Rfd1 Nxc3 13.bxc3 Bc4 14.Rab1 Qc7 15.Bf4
Qd7 16.Bxc4 Nxc4 17.Qb3 b5 18.Nd2 Nxd2 19.Rxd2 a6 20.a4 Rfc8 21.h3 e6 22.Ra2
Bf8 23.Rba1 Bd6 24.Bxd6 Qxd6 25.Qb4 Qc7 26.axb5 cxb5 27.Rxa6 Rxa6 28.Rxa6 Qxc3
29.Qxb5 Qe1+ 30.Qf1 Qd2 31.Ra1 Rc2 32.Qe1 Qd3 33.Rd1 Qe4 34.Rd2 Rc3 35.Qd1 Qc6
36.Qg4 h5 37.Qf4 Rb3 38.Kh2 Qc1 39.Ra2 Rb5 40.Ra8+ Kg7 41.Qd6 Rd5 42.Qf8+ Kf6
43.Ra7 {#r} 1-0

[Event "55th TCh-DEN Ex 2016-17"]
[Site "masterchessopen.com Denmark DEN"]
[Date "2017.03.19"]
[Round "9.3"]
[White "Schmidt,Kr"]
[Black "Andersen,Jack"]
[Result "0-1"]
[WhiteElo "2215"]
[BlackElo "2382"]

1.e4 g6 2.d4 Bg7 3.Nc3 d6 4.Be3 Nd7 5.Nf3 Ngf6 6.h3 e5 7.dxe5 dxe5 8.Bc4 O-O
9.O-O Qe7 10.Qe2 c6 11.a4 Nc5 12.Ng5 Nh5 13.Qf3 h6 14.b4 Nd7 15.Nxf7 Rxf7
16.Ne2 Nf4 17.Bxf7+ Qxf7 18.Rad1 g5 19.Nxf4 gxf4 20.Bc1 Nf8 21.a5 a6 22.c3 Be6
23.Kh2 Nh7 24.g4 Ng5 25.Qh1 Nxh3 26.Kxh3 Qh5+ 27.Kg2 Qxg4+ 28.Kh2 f3 29.Rfe1
Rf8 30.Re3 Rf6 {#R} 0-1

[Event "55th TCh-DEN Ex 2016-17"]
[Site "masterchessopen.com Denmark DEN"]
[Date "2017.03.19"]
[Round "9.3"]
[White "Pedersen,NicV"]
[Black "Christensen,Bo"]
[Result "1-0"]
[WhiteElo "2371"]
[BlackElo "2137"]

1.d4 f5 2.Nc3 d5 3.Bg5 g6 4.e3 c6 5.h4 h6 6.Bf4 Nd7 7.Bd3 e6 8.g4 Ngf6 9.gxf5
exf5 10.Qf3 Qa5 11.Ne2 Ne4 12.Bxe4 dxe4 13.Qg3 Rg8 14.Bc7 Qb4 15.O-O-O Nb6
16.a3 Qe7 17.d5 Bd7 18.Bxb6 axb6 19.Qc7 Qd8 20.Qxb7 c5 21.d6 Rg7 22.Nd5 Bxd6
23.Nf6+ Qxf6 24.Qxa8+ Ke7 25.Nc3 Qe6 26.Nd5+ Kf7 27.Nxb6 {#r} 1-0

[Event "55th TCh-DEN Ex 2016-17"]
[Site "masterchessopen.com Denmark DEN"]
[Date "2017.03.19"]
[Round "9.3"]
[White "Kragh,N"]
[Black "Bjerre,Jonas"]
[Result "0-1"]
[WhiteElo "2134"]
[BlackElo "2375"]

1.e4 c5 2.Nf3 e6 3.d4 cxd4 4.Nxd4 Nc6 5.Nc3 Qc7 6.Be3 a6 7.Qd2 Nf6 8.f3 Be7
9.O-O-O O-O 10.Kb1 b5 11.g4 Ne5 12.g5 Nh5 13.f4 Nc4 14.Qd3 Nxf4 15.Ndxb5 axb5
16.Nxb5 Nxd3 17.Nxc7 Ndxb2 18.Bxc4 Nxc4 19.Nxa8 Nxe3 20.Rd3 Nc4 21.h4 Ba6
22.Nc7 Na3+ 23.Rxa3 Bxa3 24.Nxa6 Ra8 {#R} 0-1

[Event "55th TCh-DEN Ex 2016-17"]
[Site "masterchessopen.com Denmark DEN"]
[Date "2017.03.19"]
[Round "9.4"]
[White "Jepson,C"]
[Black "Sorensen,Jan1"]
[Result "1-0"]
[WhiteElo "2430"]
[BlackElo "2423"]

1.d4 Nf6 2.c4 e6 3.Nc3 Bb4 4.e3 b6 5.Bd3 Bb7 6.Nf3 Ne4 7.O-O Nxc3 8.bxc3 Bxc3
9.Rb1 d6 10.Qc2 Ba5 11.e4 Nd7 12.Bg5 f6 13.Be3 c5 14.d5 e5 15.Nh4 g6 16.g3 Qe7
17.Rb3 Kd8 18.Rfb1 Kc7 19.f3 Rhf8 20.Qc1 Qf7 21.Qc2 Qe7 22.Bf1 Rae8 23.Bh3 f5
24.Ra3 fxe4 25.fxe4 Kb8 26.Bh6 Rf7 27.Be6 Ref8 28.Bxf8 Rxf8 29.Rf1 Rxf1+
30.Kxf1 Nf8 31.Bh3 g5 32.Nf5 Qf6 33.Rf3 Ng6 34.Nd4 Qg7 35.Nb3 Qh6 36.Bg4 Bb4
37.Kg1 Ba6 38.Rf7 Nh8 39.Rf1 Qg7 40.Be6 g4 41.a3 Ba5 42.Nxa5 bxa5 43.Rb1+ Ka8
44.Qa4 Qe7 45.Qc6+ Bb7 46.Bd7 {#r} 1-0

[Event "55th TCh-DEN Ex 2016-17"]
[Site "masterchessopen.com Denmark DEN"]
[Date "2017.03.19"]
[Round "9.4"]
[White "Christensen,To"]
[Black "Kristensen,Kaa"]
[Result "1-0"]
[WhiteElo "2343"]
[BlackElo "2381"]

1.d4 d5 2.c4 e6 3.Nf3 c6 4.Nc3 dxc4 5.e3 b5 6.a4 Bb4 7.Bd2 a5 8.Ne4 Nf6
9.Nxf6+ gxf6 10.axb5 Bxd2+ 11.Nxd2 cxb5 12.b3 Bb7 13.bxc4 b4 14.c5 Bc6 15.Qb1
Na6 16.Nc4 a4 17.Nd6+ Ke7 18.Bxa6 Rxa6 19.Qxb4 Qa8 20.Nc4 Rb8 21.Nb6 Raxb6
22.cxb6+ Kd7 23.d5 Bxd5 24.Qxa4+ Qxa4 25.Rxa4 Rxb6 26.O-O Rb8 27.Rh4 Rg8 28.e4
Bc6 29.Rd1+ Ke7 30.Rc1 Kd6 31.f3 f5 32.e5+ Kd7 33.Rhc4 Rc8 34.Kf2 Bb7 35.Rd4+
Ke7 36.Rxc8 Bxc8 37.Rh4 Kf8 38.Rxh7 Kg8 39.Rh5 Kg7 40.Rg5+ Kh7 41.h4 Bb7
42.Ke3 Bd5 43.Kd4 {#r} 1-0

[Event "55th TCh-DEN Ex 2016-17"]
[Site "masterchessopen.com Denmark DEN"]
[Date "2017.03.19"]
[Round "9.4"]
[White "Ejsing,E"]
[Black "Hagen,Kr"]
[Result "1-0"]
[WhiteElo "2203"]
[BlackElo "2158"]

1.c4 Nf6 2.Nc3 e5 3.e3 Bb4 4.Nge2 O-O 5.a3 Be7 6.Ng3 d5 7.cxd5 Nxd5 8.Qc2 Re8
9.b4 Nxc3 10.Qxc3 Bf8 11.Bb2 Nd7 12.Be2 Nb6 13.Qc2 Bd7 14.O-O Na4 15.Rac1 Nxb2
16.Qxb2 c6 17.Ne4 Qb6 18.Bc4 a5 19.Rb1 axb4 20.axb4 Bf5 21.Ng5 Bg6 22.Qb3 Re7
23.Ra1 Rd8 24.Nf3 Bh5 25.d3 e4 26.Nd4 Bg6 27.dxe4 Bxe4 28.b5 c5 29.Ne2 Red7
30.Nf4 Qf6 31.f3 Bg6 32.Nd5 Qe5 33.Rad1 h6 34.g3 Qf5 35.e4 Qe5 36.Qe3 Kh7
37.g4 h5 38.gxh5 Qxh5 39.f4 Qg4+ 40.Kh1 Bh5 41.Rd2 Qh4 42.Rg2 Bg4 43.Rg3 Re8
44.e5 f5 45.Rff3 Qd8 46.Rxg4 fxg4 47.Rh3+ Kg6 48.Qe4+ Kf7 49.Qf5+ {#r} 1-0

[Event "55th TCh-DEN Ex 2016-17"]
[Site "masterchessopen.com Denmark DEN"]
[Date "2017.03.19"]
[Round "9.5"]
[White "Matthiesen,A"]
[Black "Grandelius,N"]
[Result "0-1"]
[WhiteElo "2342"]
[BlackElo "2642"]

1.d4 Nf6 2.Bg5 Ne4 3.Bf4 e6 4.Nd2 Nxd2 5.Qxd2 b6 6.e3 Bb7 7.Nf3 Be7 8.Be2 d6
9.h3 Nd7 10.O-O g5 11.Bh2 h5 12.Qd3 g4 13.hxg4 hxg4 14.Nd2 Bf6 15.Bxg4 Bg7
16.Bh3 Rxh3 17.gxh3 Qg5+ 18.Bg3 O-O-O 19.e4 Rh8 20.c3 Nf6 21.Rae1 Qh6 22.h4
Qg6 23.Kh2 Ng4+ 24.Kg2 f5 25.f3 Nf6 26.exf5 exf5 27.Kf2 Nh5 28.Rg1 Bf6 29.Be5
Bxh4+ 30.Kf1 Qe8 31.Bg3 Nxg3+ 32.Rxg3 Qf8 33.Rh3 Bxe1 34.Rxh8 Qxh8 35.Qxf5+
Kb8 36.Kxe1 Qh1+ 37.Kf2 Qc1 38.Qf8+ Bc8 39.Nc4 a5 40.Kg3 a4 41.Qf7 a3 42.Nxa3
Qg1+ 43.Kf4 Qh2+ 44.Ke3 Qxb2 45.Qb3 Qc1+ 46.Kf2 Qd2+ 47.Kg3 Qg5+ 48.Kf2 Qd2+
49.Kg3 Qg5+ 50.Kf2 Bb7 51.Nc2 Qd2+ 52.Kg3 Qg5+ 53.Kf2 Qh4+ 54.Ke2 Qh2+ 55.Kd3
Bxf3 56.c4 Qe2+ 57.Kc3 Be4 58.d5 Bd3 59.Nb4 Be4 60.Nc6+ Kb7 61.Nb4 Qe1+ 62.Kb2
Qb1+ 63.Kc3 Qc1+ 64.Nc2 Bg6 65.Qa4 Qf1 66.Qc6+ Kb8 67.Qa4 Qf6+ 68.Kd2 Qf4+
69.Kc3 Qe5+ 70.Kd2 Qf4+ 71.Kc3 Qc1 72.Qb3 Kc8 73.Qb2 Qf1 74.Na3 Qg1 75.Kb3 Be8
76.Qe2 Bd7 77.Kb2 Qd4+ 78.Kb3 Qa1 79.Qb2 Ba4+ 80.Kc3 Qg1 81.Kb4 Bd1 82.Nb5
Qc5+ 83.Kc3 Qe3+ 84.Kb4 Qc5+ 85.Kc3 Bf3 86.Kd3 Qg1 87.Na3 Qg6+ 88.Kc3 Qg7+
89.Kb3 Bd1+ 90.Nc2 Qg2 91.Qh8+ Kb7 92.Qc3 Qe2 93.Kb2 b5 94.cxb5 Qxb5+ 95.Nb4
Be2 96.Kb3 Bd1+ 97.Kb2 Kb6 98.Qd4+ Qc5 99.Qd2 Ba4 100.a3 Bb5 101.Qf4 Bc4
102.Qe4 Ka5 103.Nc6+ Kb5 104.Nb4 Qf2+ 105.Kc1 Qg1+ 106.Kb2 Qh2+ 107.Kc1 Qh6+
108.Kc2 Qh2+ 109.Kc1 Qe5 110.Qf3 Qd4 111.Qf7 Qe3+ 112.Kc2 Qxa3 113.Nc6 Qd3+
114.Kc1 Qc3+ 115.Kd1 Bb3+ 116.Ke2 Qxc6 {#R} 0-1

[Event "55th TCh-DEN Ex 2016-17"]
[Site "masterchessopen.com Denmark DEN"]
[Date "2017.03.19"]
[Round "9.5"]
[White "Glud,J"]
[Black "Matthiesen,M"]
[Result "1-0"]
[WhiteElo "2517"]
[BlackElo "2317"]

1.c4 c5 2.g3 g6 3.Bg2 Bg7 4.Nc3 Nc6 5.Nf3 e6 6.h4 h6 7.d3 Nge7 8.O-O O-O 9.Bf4
d5 10.cxd5 exd5 11.Qd2 Kh7 12.Rac1 Bg4 13.Nh2 Bf5 14.g4 Bc8 15.e4 dxe4 16.Nxe4
Nd5 17.Bd6 Re8 18.Rxc5 Nc7 19.Bg3 Bd4 20.Rcc1 Ne5 21.Rxc7 Qxc7 22.Nf6+ {#r}
1-0

[Event "55th TCh-DEN Ex 2016-17"]
[Site "masterchessopen.com Denmark DEN"]
[Date "2017.03.19"]
[Round "9.5"]
[White "Hansen,Lars"]
[Black "Bekker Jensen,S"]
[Result "0-1"]
[WhiteElo "2270"]
[BlackElo "2466"]

1.e4 c5 2.Nc3 a6 3.g3 b5 4.Bg2 Bb7 5.f4 e6 6.d3 d5 7.f5 exf5 8.Nxd5 Bxd5
9.exd5 Bd6 10.Nf3 Ne7 11.O-O Nd7 12.c4 O-O 13.Nh4 g6 14.Bh6 Re8 15.Qd2 bxc4
16.dxc4 f6 17.Nf3 Ne5 18.Rae1 Nc8 19.b3 Nb6 20.Re2 Nbd7 21.Rfe1 Qc7 22.Kh1 Re7
23.Ng1 Rae8 24.Nh3 g5 25.Nxg5 fxg5 26.Qxg5+ Ng6 27.Re6 Nf8 28.Rxe7 Rxe7 29.Rf1
Rf7 30.Bh3 f4 31.gxf4 Bxf4 32.Qh5 Bxh6 33.Qxh6 Rxf1+ 34.Bxf1 Qf4 35.Qxf4 Nxf4
36.Kg1 Kf7 37.Kf2 Kf6 38.Ke3 Ke5 39.a3 a5 40.Kf3 Kf5 41.Ke3 Nd7 42.Kd2 Nf6
43.Kc2 Ne4 44.Bd3 Nxd3 45.Kxd3 Ke5 46.Ke3 h5 {#R} 0-1

[Event "55th TCh-DEN Ex 2016-17"]
[Site "masterchessopen.com Denmark DEN"]
[Date "2017.03.19"]
[Round "9.5"]
[White "Bank,P"]
[Black "Bejtovic,J"]
[Result "1-0"]
[WhiteElo "2256"]
[BlackElo "2370"]

1.d4 Nf6 2.Bg5 Ne4 3.Bf4 e6 4.f3 Bd6 5.Bxd6 Nxd6 6.e4 f5 7.e5 Nf7 8.f4 b6
9.Be2 Bb7 10.Bf3 Bxf3 11.Nxf3 O-O 12.O-O d5 13.c4 c6 14.Nc3 dxc4 15.a4 Na6
16.Qe2 Nb4 17.Qxc4 Qe7 18.a5 b5 19.Qb3 Rfd8 20.Rfd1 a6 21.Kh1 Rac8 22.Rac1 h6
23.Ne1 g5 24.g3 gxf4 25.gxf4 Kh7 26.Ng2 Nh8 27.Qa3 c5 28.d5 exd5 29.Ne2 Qe6
30.Nd4 cxd4 31.Qxb4 Rc4 32.Qd2 Qc6 33.Rb1 Ng6 34.Qd3 Ne7 35.Nh4 Qe6 36.Rg1 Qf7
37.b3 Rc3 38.Qxd4 Rh3 39.e6 Qf8 40.Ng6 Nxg6 41.Rxg6 Kxg6 42.Rg1+ Kh5 43.Qd1+
Kh4 44.Qe1+ Kh5 45.Qe2+ Kh4 46.e7 Qh8 47.exd8=Q+ Qxd8 48.Qf2+ Kh5 49.Qg2 Kh4
50.Qf2+ Kh5 51.Qe2+ Kh4 52.Qe6 Qf8 53.Rg8 Re3 54.Qg6 Re1+ 55.Kg2 Re2+ 56.Kf3
Rf2+ 57.Kxf2 Qc5+ 58.Kg2 Qc2+ 59.Kh1 Qe4+ 60.Qg2 Qb1+ 61.Qg1 Qe4+ 62.Rg2 d4
63.Qf2+ Kh5 64.Qe2+ Kh4 65.Qxe4 fxe4 66.Kg1 e3 67.Kf1 d3 68.Ke1 h5 69.Rg3 d2+
70.Ke2 d1=Q+ 71.Kxd1 e2+ 72.Kxe2 b4 73.Rg5 {#r} 1-0

[Event "55th TCh-DEN Ex 2016-17"]
[Site "masterchessopen.com Denmark DEN"]
[Date "2017.03.19"]
[Round "9.5"]
[White "Skovgaard,Pe2"]
[Black "Rewitz,P"]
[Result "1-0"]
[WhiteElo "2302"]
[BlackElo "2215"]

1.e4 c6 2.d4 d5 3.Nc3 b5 4.exd5 b4 5.Na4 Qxd5 6.Nf3 Bg4 7.Be2 Nd7 8.O-O e6
9.c4 bxc3 10.Nxc3 Qa5 11.h3 Bh5 12.Bf4 Ngf6 13.Rc1 Be7 14.Qa4 Qxa4 15.Nxa4 Nd5
16.Bh2 N7b6 17.Nxb6 axb6 18.Rxc6 O-O 19.a3 Bf6 20.g4 Bg6 21.Ne5 Rfd8 22.Bf3 b5
23.Rc5 Ra4 24.Rd1 b4 25.axb4 Nxb4 26.Nxg6 Na6 27.Rb5 hxg6 28.d5 exd5 29.Rdxd5
Rxd5 30.Bxd5 Rb4 31.Ra5 Rb6 32.Bc4 Nb4 33.b3 Bd4 34.Ra8+ Kh7 35.Rb8 Rxb8
36.Bxb8 Nc6 37.Bf4 Ne5 38.Be2 Bc3 39.Be3 Bb4 40.f4 Nd7 41.Kg2 Kg8 42.Kf3 Kf8
43.Bc4 Nc5 44.Bd4 f5 45.Ke3 Ne4 46.Bd5 Nc5 47.Bb2 Nd7 48.Be6 Nc5 49.Bc4 Nd7
50.Bd3 Nc5 51.Bc2 Kf7 52.Be5 Nd7 53.gxf5 Nxe5 54.fxe5 gxf5 55.Bxf5 Bc3 56.Ke4
Ke7 57.Kd5 Kf7 58.Kd6 Bb4+ 59.Kd7 g5 60.Be6+ Kf8 61.Bc4 Ba3 62.Ke6 Bb4 63.Bb5
Bc5 64.Bc6 Bb4 65.Kf6 Bc3 66.Ke6 Bb4 67.Bf3 Ba3 68.Kf5 Be7 69.Bc6 Kg7 70.Ke6
Kf8 71.Kf5 Kg7 72.Bd7 Kf8 73.Kg6 Kg8 74.Bc6 Kf8 75.e6 Bd8 76.b4 Ke7 77.Bd7 Kd6
78.Kf7 g4 79.hxg4 Bh4 80.b5 Bd8 81.Be8 {#r} 1-0

[Event "55th TCh-DEN Ex 2016-17"]
[Site "masterchessopen.com Denmark DEN"]
[Date "2017.03.19"]
[Round "9.5"]
[White "Ramsdal,Jens Albert"]
[Black "Bekker Jensen,Da"]
[Result "1-0"]
[WhiteElo "2201"]
[BlackElo "2206"]

1.e4 c5 2.Nf3 d6 3.d4 Nf6 4.Nc3 cxd4 5.Nxd4 a6 6.Bc4 e6 7.Bb3 b5 8.O-O Be7
9.Qf3 Qc7 10.Qg3 Nc6 11.Be3 Na5 12.Rad1 O-O 13.Bh6 Ne8 14.Rd2 Kh8 15.Be3 Nf6
16.f3 Nc4 17.Bxc4 Qxc4 18.Rfd1 Qc7 19.Kh1 Rb8 20.Nb3 e5 21.Bg5 Be6 22.Bxf6
Bxf6 23.Qf2 Rfc8 24.Rxd6 b4 25.Na4 Be7 26.Rxa6 Qxc2 27.Qxc2 Rxc2 28.Ra7 Bf8
29.h3 g6 30.Ra5 Kg8 31.Rxe5 Ra8 32.Nd4 Bg7 33.Nxc2 Bxe5 34.b3 Bc3 35.Ne3 Be5
36.Nd5 Bxd5 37.Rxd5 f6 38.g4 Rc8 39.Rd2 Bf4 40.Re2 Rc1+ 41.Kg2 Kf7 42.Nb6 Ke6
43.Nd5 Bd6 44.Ne3 Bc5 45.Nc4 Rg1+ 46.Kh2 Rf1 47.Kg3 Rg1+ 48.Rg2 Re1 49.h4 h6
50.f4 Rxe4 51.Kf3 Rd4 52.Rd2 Rxd2 53.Nxd2 Kd5 54.Ne4 Be7 55.Ke3 f5 56.gxf5
gxf5 57.Ng3 Ke6 58.h5 Bc5+ 59.Kd3 Bf2 60.Nf1 Kd5 61.Nd2 Ba7 62.Nc4 Bd4 63.a4
bxa3 64.Nxa3 Bb2 65.Nc4 Bc1 66.Ne3+ Kc5 67.Ng2 Kb5 68.Kd4 Kb4 69.Ke5 Kxb3
70.Kxf5 Kc4 71.Kg6 Kd5 72.Kxh6 Ke4 73.Kg6 Kf3 74.h6 Kxg2 75.f5 {#r} 1-0

[Event "74th ch-GEO w 2017"]
[Site "masterchessopen.com Tbilisi GEO"]
[Date "2017.03.20"]
[Round "9.1"]
[White "Arabidze,M"]
[Black "Kuchava,A"]
[Result "0-1"]
[WhiteElo "2383"]
[BlackElo "2134"]

1.d4 d5 2.c4 e6 3.Nc3 Be7 4.Nf3 Nf6 5.Bg5 O-O 6.e3 h6 7.Bh4 b6 8.Be2 Bb7
9.Bxf6 Bxf6 10.cxd5 exd5 11.b4 c6 12.O-O a5 13.b5 c5 14.Ne5 Qc7 15.Na4 Bxe5
16.dxe5 Rd8 17.f4 Nd7 18.Qc2 Nf8 19.Rad1 Rd7 20.Bg4 Re7 21.Qb2 Rd8 22.Rd2 Ne6
23.Rfd1 g6 24.Qc2 Kh7 25.Qb1 Rf8 26.h4 d4 27.Bxe6 fxe6 28.h5 Rg7 29.exd4 Rxf4
30.hxg6+ Rxg6 31.dxc5 Bd5 32.cxb6 Qxe5 33.Re1 Qd6 34.Qc2 Rf7 35.Qd3 Kg7
36.Qd4+ Kh7 37.Qd3 Kg7 38.Qd4+ Kh7 39.Qe5 Qb4 40.Nc3 Rg5 41.Qe3 Rf3 42.Nxd5
Rxe3 43.Nxb4 Rxe1+ 44.Kf2 Rb1 45.Rd7+ Kg6 46.Nc6 Rgxb5 47.Ne7+ Kg5 48.Nc8
R5b2+ 49.Kg3 Rxa2 50.b7 Rab2 51.Nd6 a4 52.Rd8 a3 53.Ra8 Rb3+ 54.Kh2 R1b2
55.Ne4+ Kf5 56.Nd6+ Kf6 57.Nc4 Rxb7 58.Rxa3 Re2 59.Rf3+ Kg7 60.Rd3 Rb4 61.Ne3
Re4 62.Nf1 Rg4 63.Ng3 Re1 64.Kh3 Rg5 65.Kh4 Kg6 66.Ra3 Rd1 67.Kh3 h5 68.Re3 e5
69.Kh2 Rd2 70.Kh3 Rd4 71.Ne4 Rg4 72.Nf2 Rh4+ 73.Kg3 Kf5 74.Ra3 Rhf4 75.Nd3
Rg4+ 76.Kf2 e4 77.Ra5+ Kf6 78.Ra6+ Ke7 79.Ne5 Rd2+ 80.Ke3 Rgxg2 81.Ng6+ Kf7
82.Nf4 Ra2 83.Rd6 Rg3+ 84.Kxe4 Ra4+ 85.Kf5 Rf3 86.Rf6+ Kg7 87.Kg5 Rg3+ 88.Kh4
Rg4+ 89.Kxh5 Kxf6 {#R} 0-1